Voos com origem no Rio de Janeiro (SDU) - Statistics

Estatísticas Gerais
  • Esse quiz foi jogado 30 vezes
  • A pontuação média é 5 de 5
Estatísticas das Respostas
Cia aérea Destino % Correto
Azul, Gol, LATAM São Paulo-Congonhas
100%
Azul Belo Horizonte-Confins
92%
Gol, LATAM Brasília
92%
Azul, LATAM São Paulo-Guarulhos
92%
Azul Campinas
76%
Nenhum quiz correspondente encontrado
Distribuição das Pontuações
Porcentagem de Pessoas com Cada Pontuação
Percentil de Números Respondidos
Sua Pontuação Histórica
Você não jogou esse quiz